Catherine the Great /

Bibliographic Details
Main Author: Oldenbourg, Zoé, 1916-
Format: Book
Language:English
French
Published: New York : Pantheon Books, [1965]
Subjects:

MARC

Tag First Indicator Second Indicator Subfields
LEADER 00000cam a22000001 4500
001 in00000307288
005 20151010143726.0
008 711124s1965 nyucf b 00000 eng
010 |a  64018348  
035 |a (OCoLC)00175646 
035 |9 ABH5711AM 
040 |a DLC  |c DLC  |d TXA  |d UtOrBLW 
041 1 |a eng  |a fre 
049 |a TXAM  |c 1 [414170]  |c 2 [417700] 
050 0 0 |a DK170  |b .O373 
082 0 |a 923.147 
100 1 |a Oldenbourg, Zoé,  |d 1916- 
245 1 0 |a Catherine the Great /  |c Translated from the French by Anne Carter. 
264 1 |a New York :  |b Pantheon Books,  |c [1965] 
264 4 |c [©1965] 
300 |a xvii, 378 pages :  |b 32 plates (including portraits) ;  |c 22 cm. 
336 |a text  |b txt  |2 rdacontent 
337 |a unmediated  |b n  |2 rdamedia 
338 |a volume  |b nc  |2 rdacarrier 
504 |a Bibliography: pages [370]-371. 
600 0 0 |a Catherine  |b II,  |c Empress of Russia,  |d 1729-1796. 
999 |a MARS 
999 f f |s e08db753-ba1e-389b-aa3a-42773bae6143  |i 471921bb-11df-3f12-b7df-db348fb31fb8  |t 0 
952 f f |p ric  |a Texas A&M University  |b Rellis Campus  |c Joint Library Facility  |s JLF  |d Remote Storage  |t 0  |e DK170 .O373  |h Library of Congress classification  |i unmediated -- volume  |m A14802000655 
998 f f |a DK170 .O373  |t 0  |l Remote Storage